00822nam a22002417a 450000500170000001000130001702000220003003500130005203700160006504000120008108200130009310000260010624500570013226000470018927000460023630000210028250000490030365000220035265000330037494200220040799900190042995201320044820170124110053.0 aB-223522 c00.00a8176298166 aB-223522 bCen Lib/Ret aDPLbEN a657bRAO aRao, P. Mohana925935 aAccounting theory and standards /cby P. Mohana Rao aNew DelhibDeep & Deep Publications c2006 aF-159, Rajouri Garden bNew Delhie110027 a313p. c20cm(Hb) aIncludes bibliographical reference and index aAccounting910075 aAccounting--Standards925936 2ddccENh657mRAO c129286d129286 00104070aLbLd2015-07-06eCen Lib/Retg0.00l2o657 RAOpB-223522r2019-09-09 00:00:00s2019-08-27t1v0.00w2015-07-06yEN